<?xml version="1.0" encoding="UTF-8"?>
<record
    xmlns:xsi="http://www.w3.org/2001/XMLSchema-instance"
    xsi:schemaLocation="http://www.loc.gov/MARC21/slim http://www.loc.gov/standards/marcxml/schema/MARC21slim.xsd"
    xmlns="http://www.loc.gov/MARC21/slim">

  <leader>02992nam a22002417a 4500</leader>
  <controlfield tag="005">20230127161034.0</controlfield>
  <controlfield tag="008">230127b           ||||| |||| 00| 0 eng d</controlfield>
  <datafield tag="020" ind1=" " ind2=" ">
    <subfield code="a">9788126715145</subfield>
  </datafield>
  <datafield tag="040" ind1=" " ind2=" ">
    <subfield code="c">AL</subfield>
  </datafield>
  <datafield tag="041" ind1=" " ind2=" ">
    <subfield code="a">hin</subfield>
  </datafield>
  <datafield tag="082" ind1=" " ind2=" ">
    <subfield code="2">23</subfield>
    <subfield code="a">H891.3</subfield>
    <subfield code="b">KUMV</subfield>
  </datafield>
  <datafield tag="100" ind1=" " ind2=" ">
    <subfield code="a">Abhay Kumar: &#x905;&#x92D;&#x92F; &#x915;&#x941;&#x92E;&#x93E;&#x930;  Ed</subfield>
    <subfield code="9">70045</subfield>
  </datafield>
  <datafield tag="245" ind1=" " ind2=" ">
    <subfield code="a">Vishw ki shresht kahaniyan: </subfield>
    <subfield code="b">&#x935;&#x93F;&#x936;&#x94D;&#x935; &#x915;&#x940; &#x936;&#x94D;&#x930;&#x947;&#x937;&#x94D;&#x920; &#x915;&#x939;&#x93E;&#x928;&#x93F;&#x92F;&#x93E;&#x901; </subfield>
  </datafield>
  <datafield tag="250" ind1=" " ind2=" ">
    <subfield code="a">5</subfield>
  </datafield>
  <datafield tag="260" ind1=" " ind2=" ">
    <subfield code="a">Nayi Dilli</subfield>
    <subfield code="b">Rajkamal Paperbacks</subfield>
    <subfield code="c">2019</subfield>
  </datafield>
  <datafield tag="300" ind1=" " ind2=" ">
    <subfield code="a">272p.</subfield>
    <subfield code="b">PB</subfield>
    <subfield code="c">21x14cm.</subfield>
  </datafield>
  <datafield tag="365" ind1=" " ind2=" ">
    <subfield code="2">Hindi</subfield>
    <subfield code="a">1831</subfield>
    <subfield code="b">212.00</subfield>
    <subfield code="c">&#x20B9;</subfield>
    <subfield code="d">250.00</subfield>
    <subfield code="e">15%</subfield>
    <subfield code="f">11-12-2022</subfield>
  </datafield>
  <datafield tag="520" ind1=" " ind2=" ">
    <subfield code="a">&#x935;&#x93F;&#x936;&#x94D;&#x935; &#x938;&#x93E;&#x939;&#x93F;&#x924;&#x94D;&#x92F; &#x915;&#x93E; &#x905;&#x927;&#x94D;&#x92F;&#x92F;&#x928; &#x939;&#x92E;&#x947;&#x902; &#x928; &#x938;&#x93F;&#x930;&#x94D;&#x92B; &#x91C;&#x940;&#x935;&#x928; &#x915;&#x947; &#x90F;&#x915; &#x935;&#x94D;&#x92F;&#x93E;&#x92A;&#x915; &#x92B;&#x932;&#x915; &#x938;&#x947; &#x92A;&#x930;&#x93F;&#x91A;&#x93F;&#x924; &#x915;&#x930;&#x93E;&#x924;&#x93E; &#x939;&#x948; &#x92C;&#x932;&#x94D;&#x915;&#x93F; &#x909;&#x938;&#x915;&#x947; &#x92E;&#x93E;&#x927;&#x94D;&#x92F;&#x92E; &#x938;&#x947; &#x939;&#x92E; &#x938;&#x902;&#x938;&#x93E;&#x930; &#x915;&#x947; &#x935;&#x93F;&#x92D;&#x93F;&#x928;&#x94D;&#x928; &#x939;&#x93F;&#x938;&#x94D;&#x938;&#x94B;&#x902; &#x92E;&#x947;&#x902; &#x930;&#x939;&#x928;&#x947; &#x935;&#x93E;&#x932;&#x947; &#x932;&#x94B;&#x917;&#x94B;&#x902; &#x915;&#x947; &#x930;&#x939;&#x928;-&#x938;&#x939;&#x928;, &#x909;&#x928;&#x915;&#x940; &#x928;&#x948;&#x924;&#x93F;&#x915; &#x92E;&#x93E;&#x928;&#x94D;&#x92F;&#x924;&#x93E;&#x913;&#x902;, &#x935;&#x930;&#x94D;&#x91C;&#x928;&#x93E;&#x913;&#x902;, &#x926;&#x941;&#x916;&#x94B;&#x902; &#x914;&#x930; &#x92A;&#x94D;&#x930;&#x938;&#x928;&#x94D;&#x928;&#x924;&#x93E;&#x913;&#x902; &#x938;&#x947; &#x92D;&#x940; &#x905;&#x935;&#x917;&#x924; &#x939;&#x94B;&#x924;&#x947; &#x939;&#x948;&#x902;&#x964; &#x914;&#x930; &#x92F;&#x939; &#x938;&#x93F;&#x930;&#x94D;&#x92B; &#x91C;&#x93E;&#x928;&#x915;&#x93E;&#x930;&#x940; &#x92C;&#x922;&#x93C;&#x93E;&#x928;&#x947; &#x915;&#x93E; &#x92E;&#x938;&#x932;&#x93E; &#x928;&#x939;&#x940;&#x902; &#x939;&#x948;, &#x907;&#x938;&#x938;&#x947; &#x939;&#x92E; &#x905;&#x92A;&#x928;&#x947; &#x905;&#x902;&#x924;&#x938;&#x94D;&#x924;&#x932; &#x915;&#x94B; &#x935;&#x93F;&#x938;&#x94D;&#x924;&#x943;&#x924; &#x915;&#x930;&#x924;&#x947; &#x939;&#x948;&#x902;, &#x935;&#x93F;&#x935;&#x93F;&#x927;&#x924;&#x93E;&#x913;&#x902; &#x915;&#x94B; &#x916;&#x941;&#x932;&#x947; &#x92E;&#x928; &#x938;&#x947; &#x938;&#x94D;&#x935;&#x940;&#x915;&#x93E;&#x930; &#x915;&#x930;&#x928;&#x947; &#x915;&#x940; &#x938;&#x94D;&#x925;&#x93F;&#x924;&#x93F; &#x92E;&#x947;&#x902; &#x906;&#x924;&#x947; &#x939;&#x948;&#x902;, &#x914;&#x930; &#x926;&#x941;&#x928;&#x93F;&#x92F;&#x93E; &#x915;&#x94B; &#x926;&#x947;&#x916;&#x928;&#x947; &#x915;&#x93E; &#x90F;&#x915; &#x909;&#x926;&#x93E;&#x930; &#x928;&#x91C;&#x930;&#x93F;&#x92F;&#x93E; &#x935;&#x93F;&#x915;&#x938;&#x93F;&#x924; &#x915;&#x930;&#x924;&#x947; &#x939;&#x948;&#x902;&#x964; &#x915;&#x939;&#x93E;&#x928;&#x940; &#x926;&#x941;&#x928;&#x93F;&#x92F;&#x93E; &#x915;&#x940; &#x938;&#x92C;&#x938;&#x947; &#x92A;&#x94D;&#x930;&#x93E;&#x91A;&#x940;&#x928; &#x935;&#x93F;&#x927;&#x93E;&#x913;&#x902; &#x92E;&#x947;&#x902; &#x939;&#x948;&#x964; &#x909;&#x938;&#x915;&#x940; &#x938;&#x92E;&#x94D;&#x92A;&#x94D;&#x930;&#x947;&#x937;&#x923; &#x936;&#x915;&#x94D;&#x924;&#x93F; &#x915;&#x94B; &#x92D;&#x940; &#x935;&#x93F;&#x936;&#x947;&#x937; &#x930;&#x942;&#x92A; &#x938;&#x947; &#x92A;&#x939;&#x91A;&#x93E;&#x928;&#x93E; &#x917;&#x92F;&#x93E; &#x939;&#x948;&#x964; &#x938;&#x902;&#x938;&#x93E;&#x930; &#x915;&#x940; &#x938;&#x92D;&#x940; &#x92D;&#x93E;&#x937;&#x93E;&#x913;&#x902; &#x915;&#x947; &#x92A;&#x93E;&#x938; &#x905;&#x92A;&#x928;&#x947; &#x915;&#x941;&#x91B; &#x92E;&#x939;&#x93E;&#x928; &#x915;&#x925;&#x93E;&#x915;&#x93E;&#x930; &#x939;&#x948;&#x902; &#x91C;&#x94B; &#x905;&#x92A;&#x928;&#x947; &#x91C;&#x940;&#x935;&#x928;&#x915;&#x93E;&#x932; &#x914;&#x930; &#x909;&#x938;&#x915;&#x947; &#x92C;&#x93E;&#x926; &#x92D;&#x940; &#x932;&#x94B;&#x917;&#x94B;&#x902; &#x915;&#x947; &#x939;&#x92E;&#x938;&#x92B;&#x930; &#x930;&#x939;&#x947; &#x939;&#x948;&#x902;&#x964; &#x907;&#x938; &#x938;&#x902;&#x915;&#x932;&#x928; &#x92E;&#x947;&#x902; 14 &#x926;&#x947;&#x936;&#x94B;&#x902; &#x915;&#x947; &#x915;&#x941;&#x932; 43 &#x915;&#x939;&#x93E;&#x928;&#x940;&#x915;&#x93E;&#x930;&#x94B;&#x902; &#x915;&#x940; &#x915;&#x939;&#x93E;&#x928;&#x93F;&#x92F;&#x93E;&#x901; &#x938;&#x902;&#x915;&#x932;&#x93F;&#x924; &#x939;&#x948;&#x902; &#x91C;&#x94B; &#x905;&#x92A;&#x928;&#x947; &#x938;&#x92E;&#x92F;, &#x938;&#x92E;&#x93E;&#x91C; &#x914;&#x930; &#x930;&#x91A;&#x928;&#x93E; &#x915;&#x94C;&#x936;&#x932; &#x915;&#x940; &#x92A;&#x94D;&#x930;&#x924;&#x93F;&#x928;&#x93F;&#x927;&#x93F; &#x930;&#x91A;&#x928;&#x93E;&#x90F;&#x901; &#x92E;&#x93E;&#x928;&#x940; &#x917;&#x908; &#x939;&#x948;&#x902;&#x964; &#x906;&#x936;&#x93E; &#x939;&#x948;, &#x92A;&#x93E;&#x920;&#x915;&#x94B;&#x902; &#x915;&#x94B; &#x92F;&#x939; &#x92A;&#x94D;&#x930;&#x938;&#x94D;&#x924;&#x941;&#x924;&#x93F; &#x930;&#x941;&#x91A;&#x93F;&#x915;&#x930; &#x914;&#x930; &#x938;&#x902;&#x917;&#x94D;&#x930;&#x939;&#x923;&#x940;&#x92F; &#x932;&#x917;&#x947;&#x917;&#x940;&#x964;.</subfield>
  </datafield>
  <datafield tag="650" ind1=" " ind2=" ">
    <subfield code="a">Hindi Fiction: &#x939;&#x93F;&#x902;&#x926;&#x940; &#x915;&#x939;&#x93E;&#x928;&#x940; </subfield>
    <subfield code="9">70037</subfield>
  </datafield>
  <datafield tag="650" ind1=" " ind2=" ">
    <subfield code="a">Hindi Literature: &#x939;&#x93F;&#x902;&#x926;&#x940; &#x938;&#x93E;&#x939;&#x93F;&#x924;&#x94D;&#x92F; </subfield>
    <subfield code="9">70038</subfield>
  </datafield>
  <datafield tag="700" ind1=" " ind2=" ">
    <subfield code="a">KUMAR (Abhay): &#x915;&#x941;&#x92E;&#x93E;&#x930; (&#x905;&#x92D;&#x92F;) Ed</subfield>
    <subfield code="9">70039</subfield>
  </datafield>
  <datafield tag="942" ind1=" " ind2=" ">
    <subfield code="2">ddc</subfield>
    <subfield code="c">BK</subfield>
  </datafield>
  <datafield tag="999" ind1=" " ind2=" ">
    <subfield code="c">226460</subfield>
    <subfield code="d">226460</subfield>
  </datafield>
  <datafield tag="952" ind1=" " ind2=" ">
    <subfield code="0">0</subfield>
    <subfield code="1">0</subfield>
    <subfield code="2">ddc</subfield>
    <subfield code="4">0</subfield>
    <subfield code="7">0</subfield>
    <subfield code="8">HIN</subfield>
    <subfield code="a">AL</subfield>
    <subfield code="b">AL</subfield>
    <subfield code="d">2023-01-23</subfield>
    <subfield code="e">Vidya Vihar Govind Nagar Kanpur 208006</subfield>
    <subfield code="g">212.00</subfield>
    <subfield code="l">0</subfield>
    <subfield code="o">H891.3 KUMV</subfield>
    <subfield code="p">076331</subfield>
    <subfield code="r">2023-01-27 00:00:00</subfield>
    <subfield code="v">250.00</subfield>
    <subfield code="w">2023-01-27</subfield>
    <subfield code="y">BK</subfield>
  </datafield>
</record>
